Patrologia orientalis. (Record no. 184074)
[ view plain ]
| 000 -LEADER | |
|---|---|
| campo de control de longitud fija | 01947nam a2200289 i 4500 |
| 001 - NÚMERO DE CONTROL | |
| campo de control | 184074 |
| 003 - IDENTIFICADOR DE NÚMERO DE CONTROL | |
| campo de control | ES-MaACL |
| 005 - FECHA Y HORA DE LA ÚLTIMA TRANSACCIÓN | |
| campo de control | 20251003163820.0 |
| 008 - DATOS DE LONGITUD FIJA--INFORMACIÓN GENERAL | |
| campo de control de longitud fija | 150304s1929 fr |||| | fre d |
| 245 00 - MENCIÓN DEL TÍTULO | |
| Título | Patrologia orientalis. |
| Número de parte o sección de la obra | Tomus vicesimus / |
| Mención de responsabilidad, etc. | [édité par] R. Graffin et F. Nau. |
| 260 ## - PUBLICACIÓN, DISTRIBUCIÓN, ETC. | |
| Lugar de publicación, distribución, etc. | Paris : |
| Nombre del editor, distribuidor, etc. | Firmin-Didot et cie, éditeurs, |
| Fecha de publicación, distribución, etc. | 1929. |
| 300 ## - DESCRIPCIÓN FÍSICA | |
| Extensión | 828 p. ; |
| Dimensiones | 28 cm. |
| 505 8# - NOTA DE CONTENIDO CON FORMATO | |
| Nota de contenido con formato | Contiene: Moufazzal ibn Abil-Fazaïl : Histoire des Sultans Malouks. III / texte arabe publié et traduit en français par E. Blochet. - 1930 ; Fasc. 1 Les Homiliae Cathedrales de Sévère d'Antioche : traduction syriaque de Jacques d'Édesse (suite) / Homélies LXXVIII à LXXXIII éditées et traduites en français par Maurice Brière. - 1930 ; Fasc. 2 The old georgian version of the Gospel of Mark : from the Adysh Gospels with the variants of the Opiza and Tbet? Gospels / edited with a latin translation by Robert P. Blake. - 1930 ; Fasc. 3 Livre de la lampe des ténèbres et de l'exposition (lumineuse) du service (de l'Église) par Abû'l-Barakât connu sous le nom d'Ibn Kabar / texte arabe édité par Dom Louis Villecourt o.s.b.,... ; avec le concours de Mgr Eugène Tisserand,... et M. Gaston Wiet,.... - 1930 ; Fasc. 4 Le synaxaire arabe jacobite (rédaction copte). VI, Additions et corrections, Tables / par René Basset,.... - 1930 |
| 650 ## - PUNTO DE ACCESO ADICIONAL DE MATERIA--TÉRMINO DE MATERIA | |
| Término de materia o nombre geográfico como elemento de entrada | Patrística. |
| 9 (RLIN) | 15895 |
| 650 07 - PUNTO DE ACCESO ADICIONAL DE MATERIA--TÉRMINO DE MATERIA | |
| Término de materia o nombre geográfico como elemento de entrada | Literatura cristiana primitiva |
| Fuente del encabezamiento o término | embne |
| 9 (RLIN) | 14529 |
| 700 1# - ENTRADA AGREGADA--NOMBRE PERSONAL | |
| Nombre de persona | Mufaddal ibn Abi al-Fada'il al. |
| 9 (RLIN) | 156205 |
| 700 1# - ENTRADA AGREGADA--NOMBRE PERSONAL | |
| Nombre de persona | Blochet, Edgar, |
| Fechas asociadas al nombre | 1870-1937 |
| 9 (RLIN) | 156465 |
| 700 1# - ENTRADA AGREGADA--NOMBRE PERSONAL | |
| Nombre de persona | Blake, Robert Pierpont, |
| Títulos y otros términos asociados al nombre | 1886-1950 |
| 9 (RLIN) | 156473 |
| 700 1# - ENTRADA AGREGADA--NOMBRE PERSONAL | |
| Nombre de persona | Villecourt, Louis. |
| 9 (RLIN) | 156474 |
| 700 1# - ENTRADA AGREGADA--NOMBRE PERSONAL | |
| Nombre de persona | Tisserand, Eugène. |
| 9 (RLIN) | 156475 |
| 700 1# - ENTRADA AGREGADA--NOMBRE PERSONAL | |
| Nombre de persona | Wiet, Gaston ( |
| Fechas asociadas al nombre | 1887-1971) |
| 9 (RLIN) | 156476 |
| 700 0# - ENTRADA AGREGADA--NOMBRE PERSONAL | |
| Nombre de persona | Basset, René. |
| 9 (RLIN) | 26315 |
| 700 1# - ENTRADA AGREGADA--NOMBRE PERSONAL | |
| Nombre de persona | Graffin, René, |
| Fechas asociadas al nombre | 1858-1941 |
| 9 (RLIN) | 156163 |
| 700 1# - ENTRADA AGREGADA--NOMBRE PERSONAL | |
| Nombre de persona | Nau, François. |
| 9 (RLIN) | 85006 |
| 852 ## - LOCALIZACIÓN | |
| Ubicación | ES-MaACL |
| Número de control de estantería | G-709 |
| Estatus retirado | Estado de pérdida | Estado de daño | No para préstamo | Biblioteca de origen | Biblioteca actual | Ubicación en estantería | Fecha de adquisición | Fuente de adquisición | Total de préstamos | Signatura topográfica completa | Código de barras | Visto por última vez | Precio de reemplazo | Tipo de ítem Koha |
|---|---|---|---|---|---|---|---|---|---|---|---|---|---|---|
| Biblioteca del Ateneo de Madrid | Biblioteca del Ateneo de Madrid | Depósito 2 | 04/03/2015 | G-709 | 1193563 | 23/02/2023 | 23/02/2023 | Libro impreso |
